000 00443nam a22001817a 4500
003 CEME
005 20210628201757.0
008 210201b xxu||||| |||| 00| 0 eng d
020 _a0-14-028857-0
040 _c.
082 _a823.008 HAN
100 _aDeen, Hanifa
_956786
245 _aBroken bangles
260 _aNEW DELHI
_bPENGUIN BOOKS
_c1999
300 _aXII,324P
650 _aENGLISH LITERARURE-NOVEL
_956787
942 _cBK
_2ddc
999 _c567133
_d567133